000
00216 a2200097 4500
001
14679
100
_a
Zahid Malik
245
_a
Quran our Adeeb
260
_a
Rawalpindin
_b
Matbukhat Muramat
_c
090
_c
11465
_d
11465
942
_a
NUST-CAE
_c
M
_c
1631
999
_c
249752
_d
249752